| Tag |
First Indicator |
Second Indicator |
Subfields |
| LEADER |
00000cam a2200000 a 4500 |
| 001 |
in00000015426 |
| 005 |
20151007053047.0 |
| 008 |
860207s1985 ne b 10000 eng d |
| 035 |
|
|
|a (OCoLC)13118432
|
| 035 |
|
|
|9 AAB0255AM
|
| 040 |
|
|
|a DJB
|c DJB
|d m/c
|d TXA
|d UtOrBLW
|
| 049 |
|
|
|a TXAM
|c [A11071605]
|
| 050 |
|
4 |
|a S540.A2
|b P67 1985
|
| 245 |
0 |
0 |
|a Potentials for strengthening management in national agricultural research :
|b the proceedings of a regional workshop held at Amman, Jordan, 7 to 10 October 1984 /
|c organized jointly by the Ministry of Agriculture, the Hashemite Kingdom of Jordan, and by the International Service for National Agricultural Research.
|
| 264 |
|
1 |
|a The Hague, Netherlands :
|b International Service for National Agricultural Research,
|c [1985]
|
| 300 |
|
|
|a 63 pages ;
|c 30 cm.
|
| 336 |
|
|
|a text
|b txt
|2 rdacontent
|
| 337 |
|
|
|a unmediated
|b n
|2 rdamedia
|
| 338 |
|
|
|a volume
|b nc
|2 rdacarrier
|
| 500 |
|
|
|a Parallel title in Arabic script.
|
| 500 |
|
|
|a At head of title: Report of a Workshop.
|
| 500 |
|
|
|a "April 1985."
|
| 504 |
|
|
|a Includes bibliographies.
|
| 650 |
|
0 |
|a Agriculture
|x Research
|x Management
|x Congresses.
|
| 710 |
2 |
|
|a International Service for National Agricultural Research.
|
| 999 |
|
|
|a MARS
|
| 999 |
f |
f |
|s a8a90cd9-cbbd-3758-b177-7de1bf0025f7
|i 30eb313b-fbe0-37da-81e8-ea4a0b72d9d6
|t 0
|
| 952 |
f |
f |
|p ric
|a Texas A&M University
|b Rellis Campus
|c Joint Library Facility
|d Remote Storage
|t 0
|e S540.A2 P67 1985
|h Library of Congress classification
|i unmediated -- volume
|m A14811071605
|
| 998 |
f |
f |
|a S540.A2 P67 1985
|t 0
|l Remote Storage
|